The presidents of India / (Record no. 164542)

MARC details
000 -LEADER
fixed length control field 00458nam a22001697a 4500
005 - DATE AND TIME OF LATEST TRANSACTION
control field 20190522151121.0
010 ## - LCCN (DPL NO)
LC control number B-222009
020 ## - INTERNATIONAL STANDARD BOOK NUMBER
International Standard Book Number 8124203911
Terms of availability 125.00
035 ## - SYSTEM CONTROL NUMBER
System control number B-222009
037 ## - SOURCE OF ACQUISITION
Source of stock number/acquisition Crest Publishing House
082 ## - DEWEY DECIMAL CLASSIFICATION NUMBER
Classification number 920
100 ## - MAIN ENTRY--PERSONAL NAME
Personal name Pruthi, R.K.
245 ## - TITLE STATEMENT
Title The presidents of India /
Statement of responsibility, etc R.K. Pruthi
260 ## - PUBLICATION, DISTRIBUTION, ETC. (IMPRINT)
Place of publication, distribution, etc New Delhi
Name of publisher, distributor, etc Crest Publishing House
Date of publication, distribution, etc 2005
300 ## - PHYSICAL DESCRIPTION
Extent 204p
Dimensions 21cm (hbk)
942 ## - ADDED ENTRY ELEMENTS (KOHA)
Source of classification or shelving scheme Dewey Decimal Classification
Item type English Books
Classification part 920
Call number suffix PRU
Holdings
Withdrawn status Lost status Not for loan Collection code Home library Current library Date acquired Full call number Barcode Koha item type
      Non-fiction Sarojini Nagar Sarojini Nagar 22/05/2019 920 PRU B-222009 English Books

© Delhi Public Library
Hit Counter
free hit counter